000 00378nam a22001577a 4500
003 MPLRDC
005 20220104124946.0
008 210129b ||||| |||| 00| 0 eng d
082 _a857.9 SMZY-18 v.3
100 _a司马紫烟
245 _a金陵侠隐. 下
_c
260 _a
_b汉麟出版社
_c
300 _b
650 _a武侠小说
942 _cBK
_o857.9 SMZY-18 v.3
999 _c23513
_d23503